01697nam0a2200313 4500001002000000005001700020010002200037021001900059035002600078100004100104101001300145102000700158105001800165200026500183210008600448215004400534225003600578300010300614300009100717300005600808320003900864454018800903606010401091686005301195700003901248701004701287801002701334801002201361RU\NLR\bibl\131790420260408192439.0 a978-5-8459-1464-4 aRUb2008-91945 a(NLR Aleph) 001303275 a20090120d2009 |||y0rusy50 ca1 arusceng aRU aa |||||||||1 aЙоркширские терьеры для чайниковe[объяснение человеческим языком]fТрейси Барр и Питер Ф. Велингg[пер. с англ. Берштейна И.В., Тимченко Е.Э.] aМосква [и др.]cДиалектикаcВильямсd2009 [т.е. 2008] a234 с., [4] л. цв. ил.cил.d241 a... для "чайников" aЗагл. и авт. ориг.: Yorkshire terriers for dummies / by Tracy Barr and Peter F. Veling aНа обл. 2-й авт.: Питер Ф. Велинг, д-р ветеринарии aКн. фактически издана в 2008 г. aПредм. указ.: с. 229-234 012001#$aYorkshire terriers for dummies$fby Tracy Barr and Peter F. Veling1700#1$aBarr$bT.$gTracy$40701701#1$aVeling$bP. F.$gPeter F.$4070tYorkshire terriers for dummiesaBarr, Tracy aЙоркширские терьерыjПопулярные издания3RU\NLR\auth\661300508 aП673.39 йоркширские терьеры 1aБаррbТ.gТрейси4070 1aВелингbП. Ф.gПитер Ф.4070 0aRUbNLRc20090120gRCR 1aRUbNLRc20090120